| 000 | 01363cam a22003014a 4500 | ||
|---|---|---|---|
| 001 | 1351 | ||
| 005 | 20230821084247.0 | ||
| 008 | 110104s2011 dcua j 000 0 eng | ||
| 020 | _a9781426307775 (pbk. : alk. paper) | ||
| 020 | _a9781426307782 (library binding : alk. paper) | ||
| 040 |
_aDLC _cDLC _dDLC _dFISKH _beng |
||
| 050 | 0 | 0 |
_aTF23 _b.S54 2011 |
| 082 | 0 | 0 |
_a625.1 _222 |
| 100 | 1 | _aShields, Amy. | |
| 245 | 1 | 0 |
_aTrains / _cby Amy Shields. |
| 260 |
_aWashington, D.C. : _bNational Geographic, _c2011 |
||
| 300 |
_a32 pages : _bcolor illustrations ; _c24 cm |
||
| 490 | 0 | _aNational geographic readers | |
| 505 | 0 | _aH | |
| 505 | 0 | _aTrains -- All aboard! -- Full steam ahead -- Meet Owney -- Riding the rails -- Passenger trains -- Freight trains. | |
| 520 | _aChoo Choo! Kids love trains! Especially the old-timey steam engines found in amusement parks and zoos. But what about a super-speeder in Japan that zooms on the track at 361 miles per hour? Or the world's longest freight train, stretching on for a whopping 4.6 miles? Or futuristic railways in the sky? | ||
| 521 |
_a520
_bLexile |
||
| 521 |
_aH
_bRaz-Plus |
||
| 650 | 0 |
_aRailroads _zUnited States _xHistory _vJuvenile literature. |
|
| 650 | 0 |
_aRailroad travel _zUnited States _xHistory _vJuvenile literature. |
|
| 906 |
_a7 _bcbc _corignew _d1 _eecip _f20 _gy-gencatlg |
||
| 942 |
_2ddc _cBK _n0 |
||
| 999 |
_c1351 _d1351 |
||